Statistics for Best NFL Players for each Team

Click here to take the quiz!

General Stats

  • This quiz has been taken 86 times
  • The average score is 8 of 32

Answer Stats

TeamPlayer% Correct
Miami DolphinsTyreek Hill
93%
Jacksonville JaguarsJosh Allen
89%
Buffalo BillsStefon Diggs
86%
Kansas City ChiefsPatrick Mahomes
60%
Cincinnati BengalsJa'Marr Chase
49%
Tennessee TitansDerrick Henry
44%
Pittsburgh SteelersT.J. Watt
44%
Las Vegas RaidersDavante Adams
43%
Los Angeles RamsAaron Donald
34%
Minnesota VikingsJustin Jefferson
33%
Cleveland BrownsMyles Garrett
33%
San Francisco 49ersChristian McCaffrey
30%
Denver BroncosPatrick Surtain II
27%
Chicago BearsD.J. Moore
26%
Seattle SeahawksBobby Wagner
11%
New England PatriotsMatthew Judon
11%
Indianapolis ColtsQuenton Nelson
10%
New York JetsQuinnen Williams
9%
Dallas CowboysZack Martin
9%
Baltimore RavensRoquan Smith
6%
Carolina PanthersBrian Burns
4%
Los Angeles ChargersDerwin James Jr.
4%
New York GiantsDexter Lawrence II
4%
Green Bay PackersJaire Alexander
4%
Philadelphia EaglesLane Johnson
4%
Houston TexansLaremy Tunsil
4%
Arizona CardinalsBudda Baker
3%
Detroit LionsFrank Ragnow
3%
Atlanta FalconsJessie Bates III
3%
Washington CommandersJonathan Allen
3%
New Orleans SaintsMarshon Lattimore
3%
Tampa Bay BuccaneersTristan Wirfs
3%

Score Distribution

Percentile by Number Answered

Percent of People with Each Score

Your Score History

You have not taken this quiz